El análisis literario : introducción metodológica a una estilística integral /

Exposición que presenta una ordenación metódica de sucesivos momentos del análisis literario, cuyo autor hace uso de los ejemplos de El escritor (1942), texto del españo Azorín (1874-1967) al que califica como político-pedagógico, para ejemplificar el estudio del contenido de la obra literaria, y de...

Descripció completa

Guardat en:
Dades bibliogràfiques
Autor principal: Castagnino, Raúl H (autor)
Format: Llibre
Idioma:espanyol
Publicat: Buenos Aires, Argentina : Nova, 1965, c1965
Edició:4a edición
Col·lecció:(Biblioteca Arte y Ciencia de la Expresión)
Matèries:
Etiquetes: Afegir etiqueta
Sense etiquetes, Sigues el primer a etiquetar aquest registre!

MARC

LEADER 00000nam^a2200000^a^4500
001 000156650
005 20250521000000.0
009 20260310100511.496
037 |a Acervo ITESO - Biblioteca 
041 |a ESP 
082 |a 809. 001  |b CAS 
100 |a Castagnino, Raúl H  |e (autor) 
245 1 3 |a El análisis literario :  |b introducción metodológica a una estilística integral /  |c R.H. Castagnino. 
250 |a 4a edición  |b aumentada 
264 4 |a Buenos Aires, Argentina :  |b Nova,  |c 1965, c1965 
300 |a 341 p. 
336 |a texto  |b txt  |2 rdacontenido 
337 |a sin mediación  |b n  |2 rdamedio 
338 |a volumen  |b nc  |2 rdasoporte 
440 1 |a (Biblioteca Arte y Ciencia de la Expresión) 
520 |a Exposición que presenta una ordenación metódica de sucesivos momentos del análisis literario, cuyo autor hace uso de los ejemplos de El escritor (1942), texto del españo Azorín (1874-1967) al que califica como político-pedagógico, para ejemplificar el estudio del contenido de la obra literaria, y de Don Segundo Sombra (1926), novela del argentino Ricardo Güiraldes (1886-1927), para ilustrar el estudio de las formas literarias. 
649 |a XX 
650 |a Escritores Argentinos 
650 |a Escritores Españoles 
650 |a Literatura -  |x Historia y Crítica -  |x Metodología 
650 |a Literatura -  |x Historia y Crítica -  |x Teoría 
650 |a Novela Argentina -  |x Historia y Crítica 
650 |a Novela Española -  |x Historia y Crítica 
650 |a Literatura Argentina -  |x Historia y Crítica 
650 |a Literatura Argentina -  |y Siglo XX 
650 |a Literatura Española -  |x Historia y Crítica 
650 |a Literatura Española -  |y Siglo XX 
650 |a Güiraldes, Ricardo 
600 |a Azorín 
910 |a Fondo Salvador Reynoso Reynoso 
920 |a Impresos - Libros 
930 |a Fondos Especiales 
940 |a Literatura 
905 |a 112 
901 |a 0800016187  |b IT2  |c ESP  |u 20250521 
902 |a https://opac.biblio.iteso.mx/vufind/Record/000156650